Neighbourly support (Record no. 84602)
[ view plain ]
| 000 -LEADER | |
|---|---|
| fixed length control field | 00791cab a22001935a 4500 |
| 001 - CONTROL NUMBER | |
| control field | L158454 |
| 008 - FIXED-LENGTH DATA ELEMENTS--GENERAL INFORMATION | |
| fixed length control field | 150305e20150228xxk 000 0 eng d |
| 035 ## - SYSTEM CONTROL NUMBER | |
| System control number | (Sirsi) u158454 |
| 041 0# - LANGUAGE CODE | |
| Language code of text/sound track or separate title | eng |
| 100 1# - MAIN ENTRY--PERSONAL NAME | |
| Personal name | Cursham, Will |
| 245 00 - TITLE STATEMENT | |
| Title | Neighbourly support |
| 260 ## - PUBLICATION, DISTRIBUTION, ETC. | |
| Date of publication, distribution, etc. | 2015 |
| 490 ## - SERIES STATEMENT | |
| Series statement | Estates Gazette |
| Volume/sequential designation | (1508) 28 February 2015 |
| 520 ## - SUMMARY, ETC. | |
| Summary, etc. | Explains the right to support and courses of action that may be available if it is undermined. A right to support from adjacent land is a right not to have your land appreciably affected by something done on adjacent land. It does not prevent an adjacent owner from doing things to its land, as long as those things do not damage your land. |
| 590 ## - LOCAL NOTE (RLIN) | |
| Local note | KA |
| 690 ## - LOCAL SUBJECT ADDED ENTRY--TOPICAL TERM (OCLC, RLIN) | |
| Topical term or geographic name as entry element | Land use |
| 9 (RLIN) | 6251 |
| 690 ## - LOCAL SUBJECT ADDED ENTRY--TOPICAL TERM (OCLC, RLIN) | |
| Topical term or geographic name as entry element | Property management |
| 9 (RLIN) | 6262 |
| 942 ## - ADDED ENTRY ELEMENTS (KOHA) | |
| Suppress in OPAC | 0 |
| Withdrawn status | Lost status | Source of classification or shelving scheme | Damaged status | Not for loan | Home library | Current library | Shelving location | Date acquired | Total Checkouts | Full call number | Barcode | Date last seen | Copy number | Price effective from | Koha item type |
|---|---|---|---|---|---|---|---|---|---|---|---|---|---|---|---|
| Dewey Decimal Classification | London | London | Journal article | 05/03/2015 | L158454 | 158454-1001 | 06/08/2019 | 1 | 06/08/2019 | Journal article |